|
|
|
|
| LEADER |
00000cam a2200000 a 4500 |
| 001 |
57414 |
| 005 |
20230308161707.0 |
| 008 |
974050|1965 ||||||||r|||||||||||spa|| |
| 040 |
|
|
|b spa
|
| 041 |
1 |
|
|a spa
|
| 082 |
0 |
|
|a 813.5
|
| 100 |
1 |
|
|a Hemingway, Ernest.
|d 1899-1961
|9 5608
|
| 245 |
1 |
1 |
|a El Viejo y el mar
|c Ernest Hemingway
|h imp
|
| 264 |
|
|
|a México
|b Editorial Selecciones
|c 1965
|
| 300 |
|
|
|a 125 páginas:
|c 17 cm
|
| 650 |
1 |
|
|a Novela norteamericana
|9 24753
|
| 852 |
|
|
|a UC-CDJBV
|c TERCER PISO
|f Compra
|k lucia.mora
|l 1
|m General
|p 19740506
|q 18.00
|r 8
|t 57414
|b 0
|d CDRC
|e CDRC
|g 813.5 TERCER PISO
|z 1974-40-50
|
| 942 |
|
|
|c BK
|
| 999 |
|
|
|c 15453
|d 15453
|